चंद्रसेन आणि उडता घोडा (Record no. 1009121)

MARC details
000 -LEADER
fixed length control field 00681nam a2200181Ia 4500
008 - FIXED-LENGTH DATA ELEMENTS--GENERAL INFORMATION
fixed length control field 151018s9999 xx 000 0 und d
082 ## - DEWEY DECIMAL CLASSIFICATION NUMBER
Item number RBASDV6750
Classification number 891.463
100 ## - MAIN ENTRY--PERSONAL NAME
Personal name जगन्नाथ महाजन
245 ## - TITLE STATEMENT
Title चंद्रसेन आणि उडता घोडा
250 ## - EDITION STATEMENT
Remainder of edition statement 1
260 ## - PUBLICATION, DISTRIBUTION, ETC. (IMPRINT)
Name of publisher, distributor, etc श्रीराम प्रकाशन पुणे
Date of publication, distribution, etc 1965
300 ## - PHYSICAL DESCRIPTION
Extent 32
600 ## - SUBJECT ADDED ENTRY--PERSONAL NAME
Personal name जगन्नाथ महाजन
630 ## - SUBJECT ADDED ENTRY--UNIFORM TITLE
Uniform title चंद्रसेन आणि उडता घोडा
700 ## - ADDED ENTRY--PERSONAL NAME
Personal name जगन्नाथ महाजन
730 ## - ADDED ENTRY--UNIFORM TITLE
Uniform title चंद्रसेन आणि उडता घोडा
942 ## - ADDED ENTRY ELEMENTS (KOHA)
Koha item type Book
Holdings
Withdrawn status Lost status Damaged status Not for loan Home library Current library Date acquired Cost, normal purchase price Total Checkouts Full call number Barcode Date last seen Cost, replacement price Price effective from Koha item type
        R.B. Anant Shivaji Desai Vachanalaya and Granthalaya, Kudal R.B. Anant Shivaji Desai Vachanalaya and Granthalaya, Kudal 03/31/1970 7.00   RBASDV6750 RBASDV6750 10/18/2015 7.00 10/18/2015 Book